Elementary Statistics: A Step by Step Approach (Record no. 4932)

MARC details
005 - DATE AND TIME OF LATEST TRANSACTION
control field 20250625070931.0
020 ## - INTERNATIONAL STANDARD BOOK NUMBER
International Standard Book Number 978-0-07-288071-7
082 ## - DEWEY DECIMAL CLASSIFICATION NUMBER
Classification number 519 BLU
100 ## - MAIN ENTRY--PERSONAL NAME
Author name BLUMAN, A. G.
245 ## - TITLE STATEMENT
Title Elementary Statistics: A Step by Step Approach
250 ## - EDITION STATEMENT
Edition statement 5th Ed.
260 ## - PUBLICATION, DISTRIBUTION, ETC.
Place of publication, distribution, etc. New York,
Name of publisher, distributor, etc. McGraw Hill,
Date of publication, distribution, etc. 2004.
300 ## - PHYSICAL DESCRIPTION
Extent xi,811p.; ill.; figure, table
Other physical details Index
Dimensions 24cm
942 ## - ADDED ENTRY ELEMENTS (KOHA)
Source of classification or shelving scheme Dewey Decimal Classification
Koha item type Books
Holdings
Date last seen Total checkouts Full call number Barcode Cost, replacement price Price effective from Koha item type Lost status Source of classification or shelving scheme Damaged status Not for loan Withdrawn status Home library Current library Shelving location Date acquired Cost, normal purchase price
06/25/2025   510 BLU DOM000983 276000.00 06/25/2025 Books   Dewey Decimal Classification       CBE Dodoma CBE Dodoma General Collection 12/20/2010 92000.00
06/25/2025   510 BLU DOM000979 276000.00 06/25/2025 Books   Dewey Decimal Classification       CBE Dodoma CBE Dodoma General Collection 12/20/2010 92000.00
06/25/2025   510 BLU DOM000980 276000.00 06/25/2025 Books   Dewey Decimal Classification       CBE Dodoma CBE Dodoma General Collection 12/20/2010 92000.00
06/25/2025   510 BLU DOM000981 276000.00 06/25/2025 Books   Dewey Decimal Classification       CBE Dodoma CBE Dodoma General Collection 12/20/2010 92000.00